000
00302nam a22001337a 4500
020
_a
92-5-102869-9
041
_a
ENG
100
_a
Sheng.T.C
245
_a
Soil Conservation For Small Faemers In The humid Tropics
260
_a
Rome
_b
FAO
_c
1989
300
_a
104
650
_a
FAO
856
_u
FAO (01)
999
_c
2374
_d
2374